Statistics for Largest Airliners in The World

Click here to take the quiz!

General Stats

  • This quiz has been taken 171 times
  • The average score is 9 of 20

Answer Stats

ManufacturerMTOWAnswer% Correct
Airbus569A380-800
97%
Boeing440747-8I
81%
Boeing397747-400
76%
Boeing299777-300
68%
Boeing263777-200
62%
Antonov640An-225
60%
Boeing378747-200
57%
Airbus365A340-600
53%
Boeing333747-100
51%
McDonnell Douglas273MD-11
49%
Boeing378747-300
46%
Airbus368A340-500
45%
Airbus254A340-300
44%
Antonov405An-124
35%
Boeing352777-300ER
28%
Airbus275A340-200
28%
Boeing413747-400ER
10%
Lockheed232L-1011-500
5%
Ilyushin270IL-96M
2%
Boeing378747-200F
1%

Score Distribution

Percentile by Number Answered

Percent of People with Each Score

Your Score History

You have not taken this quiz